000
00302nam a2200121Ia 4500
005
20260328104320.0
008
260328s9999||||xx |||||||||||||| ||und||
100
_a
Dávalos, Gabriel
245
0
_a
Habana Pasión /
_c
Gabriel Dávalos
260
_b
Latinoamericana
650
_a
FOTOGRAFÍA
942
_c
BK
999
_c
11334
_d
11334